000 00283nam a22001217a 4500
008 170623b xxu||||| |||| 00| 0 eng d
041 _aeng
080 _a327
100 _a21
101 _aSHP
245 _aPRIMARY COMMODITIES IN INTERNATIONAL TRADE
_cROWE, J.W.F
942 _2udc
_cBK
999 _c18860
_d18860